00305cam a2200109 a 4500020001500000082001700015245005300032260003900085300002400124650002300148700002400171 a061837824300a808.8310838200aFaith :bstories /cedited by C. Michael Curtis. aBoston :bHoughton Mifflin,c2003. ax, 318 p. ;c23 cm. 0aReligious fiction.1 aCurtis, C. Michael.